David A. Hansen: Reshaping Corporate Culture (Record no. 12000)
[ view plain ]
| 000 -LEADER | |
|---|---|
| fixed length control field | 00301 a2200109 4500 |
| 008 - FIXED-LENGTH DATA ELEMENTS--GENERAL INFORMATION | |
| fixed length control field | 231109b ||||| |||| 00| 0 eng d |
| 020 ## - INTERNATIONAL STANDARD BOOK NUMBER | |
| International Standard Book Number | 978-1864701265 |
| 100 ## - MAIN ENTRY--PERSONAL NAME | |
| Personal name | Robyn Beaver |
| 245 ## - TITLE STATEMENT | |
| Title | David A. Hansen: Reshaping Corporate Culture |
| 260 ## - PUBLICATION, DISTRIBUTION, ETC. (IMPRINT) | |
| Name of publisher, distributor, etc | Images Publishing Dist Ac |
| Date of publication, distribution, etc | 2006 |
| 942 ## - ADDED ENTRY ELEMENTS (KOHA) | |
| Source of classification or shelving scheme | |
| Withdrawn status | Lost status | Source of classification or shelving scheme | Damaged status | Koha normalized classification for sorting | Not for loan | Permanent location | Current location | Date acquired | Source of acquisition | Cost, normal purchase price | Full call number | Barcode | Date last seen | Cost, replacement price | Price effective from | Koha item type |
|---|---|---|---|---|---|---|---|---|---|---|---|---|---|---|---|---|
| 720_920973000000000 | BMS College of Architecture, Design and Planning | BMS College of Architecture, Design and Planning | 2023-12-23 | 10 | 2962.58 | 720.920973 | AR-UG3354 | 2023-12-23 | 4232.25 | 2023-12-23 | UG Books |